DOCUMENTOS COLECTIVOS DEL EPISCOPADO MEXICANO A DIEZ AÑOS : (Registro nro. 17984)
[ vista simple ]
| 000 -LEADER | |
|---|---|
| fixed length control field | 00505nam a2200169 a 4500 |
| 001 - CONTROL NUMBER | |
| control field | 17984 |
| 005 - DATE AND TIME OF LATEST TRANSACTION | |
| control field | 20180713211208.0 |
| 008 - FIXED-LENGTH DATA ELEMENTS--GENERAL INFORMATION | |
| fixed length control field | 140415s1991 mx 000 0 spa d |
| 041 ## - LANGUAGE CODE | |
| Language code of text/sound track or separate title | spa |
| 082 ## - DEWEY DECIMAL CLASSIFICATION NUMBER | |
| Classification number | 306.6 |
| Item number | CON |
| 100 1# - MAIN ENTRY--PERSONAL NAME | |
| Personal name | CONFERENCIA DEL EPISCOPADO MEXICANO |
| 245 10 - TITLE STATEMENT | |
| Title | DOCUMENTOS COLECTIVOS DEL EPISCOPADO MEXICANO A DIEZ AÑOS : |
| Remainder of title | DEL CONCILIO VATICANO II 1965-1975 |
| 250 ## - EDITION STATEMENT | |
| Edition statement | 3a ed. |
| 260 ## - PUBLICATION, DISTRIBUTION, ETC. | |
| Place of publication, distribution, etc. | MEXICO : |
| Name of publisher, distributor, etc. | CEM, |
| Date of publication, distribution, etc. | 1991 |
| 300 ## - PHYSICAL DESCRIPTION | |
| Extent | 480 |
| 650 14 - SUBJECT ADDED ENTRY--TOPICAL TERM | |
| Topical term or geographic name entry element | SOCIOLOGIA CRISTIANA |
| Withdrawn status | Lost status | Source of classification or shelving scheme | Damaged status | Not for loan | Collection code | Home library | Current library | Shelving location | Date acquired | Source of acquisition | Inventory number | Total Checkouts | Full call number | Barcode | Date last seen | Price effective from | Koha item type |
|---|---|---|---|---|---|---|---|---|---|---|---|---|---|---|---|---|---|
| Dewey Decimal Classification | General | Biblioteca Karol Wojtyla | Biblioteca Karol Wojtyla | Sala general | 03/12/2013 | Compra | 151000000000000000053560 | 306.6 CON | 36344 | 05/01/2026 | 03/12/2013 | Libro |